[Event "23rd OIBM 2019"]
[Site "Gmund am Tegernsee"]
[Date "2019.10.31"]
[Round "6.19"]
[White "Gukesh D"]
[Black "Cordts, Ingo"]
[Result "1-0"]
[WhiteElo "2520"]
[BlackElo "2212"]
[Annotator "TA"]
[PlyCount "65"]
[EventDate "2019.10.17"]
[EventType "swiss"]
[EventCountry "GER"]
[SourceTitle "playchess.com"]
[Source "ChessBase"]
[SourceQuality "1"]

{[%evp 14,65,16,10,16,2,22,22,23,19,41,15,26,9,17,18,34,13,34,31,46,18,59,22,13,18,65,48,45,0,29,18,26,8,16,15,9,16,28,25,28,26,56,0,0,0,158,167,368,354,566,597,597,592]} 1. Nf3 d5 2. g3 g6 3. Bg2 Bg7 4. d4 Nf6 5. O-O O-O 6. c4 c6 7. Nbd2 a5 8. b3 a4 {D78: Fianchetto Grünfeld: 6 0-0 c6} 9. Ba3 axb3 10. axb3 Re8 {The position is equal.} 11. h3 $146 ({Predecessor:} 11. e3 Bf5 12. Qe2 Na6 13. Ne5 Ne4 14. cxd5 cxd5 15. Nxe4 Bxe4 16. Bxe4 dxe4 {½-½ (58) Mamedyarov,S (2801)-Carlsen,M (2842) Saint Louis 2018}) 11... b6 12. Ne5 Bb7 13. e3 Nfd7 14. f4 f6 15. Ng4 f5 16. Ne5 e6 17. cxd5 Nxe5 18. fxe5 {Threatens to win with dxe6.} cxd5 19. Nc4 Nc6 20. Nd6 {[%mdl 64] [#] Double Attack} Re7 21. b4 b5 22. Qc2 Qb6 23. Qc5 Qxc5 24. bxc5 b4 25. Bb2 Ba6 26. Rfd1 Rea7 27. Kf2 Kf8 28. g4 (28. Bf3 $14) 28... Ke7 29. Bf3 fxg4 $2 {[#]} (29... Bh6 $11) 30. hxg4 $16 ({Inferior is} 30. Bxg4 Bh6 $11) 30... g5 $2 (30... Kd7) 31. e4 $18 Bc4 (31... dxe4 $142 32. Bxe4 {[%mdl 64] Double Attack} Kd7) 32. Rxa7+ Rxa7 33. Nc8+ {Accuracy: White = 65%, Black = 43%.} 1-0

[Event "23rd OIBM 2019"]
[Site "Gmund am Tegernsee"]
[Date "2019.10.31"]
[Round "6.20"]
[White "Sieglen, Joachim"]
[Black "Vogel, Roven"]
[Result "1/2-1/2"]
[WhiteElo "2187"]
[BlackElo "2456"]
[Annotator "TA"]
[PlyCount "82"]
[EventDate "2019.10.17"]
[EventType "swiss"]
[EventCountry "GER"]
[SourceTitle "playchess.com"]
[Source "ChessBase"]
[SourceQuality "1"]

{[%evp 9,82,8,22,22,23,13,22,6,16,7,17,9,46,10,27,-2,0,0,0,-9,0,-6,0,-22,-10,-4,-5,-18,-4,-22,-22,-22,-22,-23,-20,-20,-20,-20,-20,-24,-8,-27,-30,-35,-27,-32,-15,-21,-22,-23,-5,-5,-5,-5,-5,-5,-6,-6,-6,-11,0,0,0,0,0,0,0,0,0,0,0,0,0,0,0]} 1. d4 d5 2. c4 c6 3. Nf3 Nf6 4. e3 a6 5. b3 Bg4 6. Be2 {D11: Slav Defence: 3 Nf3 sidelines and 3...Nf6 4 e3 Bg4} (6. Nbd2 e6 7. Bd3 c5 8. dxc5 Bxc5 9. Bb2 O-O 10. Rc1 dxc4 11. Bxc4 Nbd7 12. O-O Qe7 13. h3 {1-0 (63) Parligras,M (2574)-Sumets,A (2622) Abu Dhabi 2014}) 6... e6 7. h3 Bh5 8. O-O Nbd7 9. Nbd2 Bd6 10. Bb2 Qc7 11. Ne1 $146 ({Predecessor:} 11. Rc1 O-O 12. Nh4 Bxe2 13. Qxe2 {0-1 (39) Sieglen,J (2208)-Pezerovic,E (2420) Tegernsee 2018}) 11... Bg6 12. f4 (12. c5 {keeps more tension.} Be7 13. Nd3 h6 14. b4 b6 15. Bc3) 12... Ne4 13. Nxe4 Bxe4 14. Nf3 h6 15. Ne5 O-O 16. Bd3 Bxd3 17. Nxd3 Nf6 18. a4 a5 19. Ba3 Bxa3 20. Rxa3 Ne4 21. Qc2 Qe7 22. Raa1 b6 23. cxd5 cxd5 24. Rfc1 Qh4 25. Qe2 Rac8 26. Nf2 Nd6 {[%cal Be4d6,Bd6f5,Bf5g3][%mdl 32]} 27. Nd3 Nf5 28. Qf2 Qe7 29. Qd2 Ng3 30. Qe1 {The position is equal.} Ne4 31. Rxc8 Rxc8 32. Rc1 Rc7 33. Rxc7 Qxc7 34. Qc1 $1 {[%cal Rc1c7]} Qd8 35. Nf2 Ng3 {[#] White must now prevent ...Ne2+.} 36. Kh2 Qh4 37. Qc8+ Kh7 38. Qc2+ f5 {aiming for ...Nf1+.} 39. Kg1 Qe7 40. Nd3 Qa3 {[#] Threatens to win with ...Qa1+.} 41. Kf2 Ne4+ {Accuracy: White = 62%, Black = 50%.} 1/2-1/2

[Event "23rd OIBM 2019"]
[Site "Gmund am Tegernsee"]
[Date "2019.10.31"]
[Round "6.21"]
[White "Parvanyan, Ashot"]
[Black "Goldbeck, Lars"]
[Result "0-1"]
[WhiteElo "2448"]
[BlackElo "2203"]
[Annotator "TA"]
[PlyCount "106"]
[EventDate "2019.10.17"]
[EventType "swiss"]
[EventCountry "GER"]
[SourceTitle "playchess.com"]
[Source "ChessBase"]
[SourceQuality "1"]

{[%evp 15,106,20,14,15,16,0,23,15,23,16,26,23,29,21,25,25,34,33,49,42,50,40,35,0,0,0,0,0,0,-9,-4,-5,0,0,0,0,0,-19,46,29,57,58,56,56,64,58,60,69,66,52,66,0,0,0,0,0,0,-12,-12,-12,-12,-12,-12,-104,-66,-227,-196,-251,-166,-324,-313,-340,-335,-412,-412,-391,-403,-351,-350,-385,-337,-554,-437,-1329,-568,-29987,-29988,-29991,-29974,-29992,-29993,-29994,-29994]} 1. Nf3 c5 2. c4 Nc6 3. d4 cxd4 4. Nxd4 Nf6 5. Nc3 e5 6. Ndb5 d6 7. Bg5 a6 8. Na3 Be7 9. Qd2 {A33: Symmetrical English: 2 Nf3 Nf6 3 d4 cxd4 4 Nxd4 e6 5 Nc3 Nc6} Be6 10. e3 Rc8 11. Be2 {White has an edge.} O-O 12. O-O Qa5 13. Rfd1 Rfd8 14. Bxf6 Bxf6 15. Bf3 Rd7 16. Qe2 $146 ({Predecessor:} 16. h3 Bg5 {0-1 (49) Donchenko,A (2280)-Bu,X (2675) Biel 2011}) 16... Nb4 17. Bg4 Bxg4 18. Qxg4 Rcd8 19. c5 h5 20. Qf5 {cxd6 is the strong threat.} Qc7 21. cxd6 Rxd6 22. Rxd6 Qxd6 23. Qxh5 Qe6 24. Rd1 Rxd1+ 25. Qxd1 e4 26. Nab1 Nd3 (26... Nxa2 $11 27. Ne2 Nb4) 27. Qa4 $14 b5 28. Qxe4 Qxe4 29. Nxe4 Bxb2 {[%mdl 4096] Endgame KBN-KNN} 30. Kf1 f5 31. Nec3 b4 32. Nd5 (32. Na4 $5 {[%cal Rf1e2]} Bf6 33. a3 $14) 32... Kf7 33. Ke2 ({White should play} 33. Nd2 $14) 33... Nc1+ $11 {[%mdl 64] [#] Double Attack} 34. Kd2 {Black must now prevent Kc2.} Nxa2 35. Kc2 Be5 36. f4 Ke6 37. Nb6 $1 Bf6 38. Kb3 Nc3 39. Nd2 (39. Nxc3 $11 {remains equal.} Bxc3 40. h3) 39... a5 {[%cal Ba6a5,Ba5a4,Ba4a3,Ba3a2][%mdl 32]} 40. Nbc4 $2 ({Better is} 40. Nf3 $15) 40... Bd8 $19 41. h3 (41. g3 {was called for.}) 41... Kd5 42. g4 $2 (42. Nb2) 42... Kc5 43. Nb2 Kb5 44. gxf5 a4+ 45. Kc2 Nd5 46. e4 Nxf4 47. e5 b3+ 48. Kb1 $2 (48. Nxb3 axb3+ 49. Kxb3) 48... Kb4 49. Nf3 (49. Nxa4 $142 Kxa4 50. Ne4) 49... a3 50. Nd1 Nd3 {Black mates.} 51. Ne3 a2+ 52. Ka1 Bb6 53. Nd1 {[#]} Ka3 {Played: Nd3xe5} 0-1

[Event "23rd OIBM 2019"]
[Site "Gmund am Tegernsee"]
[Date "2019.10.31"]
[Round "6.22"]
[White "Smith, Bryan"]
[Black "Ryzhkov, Vadim"]
[Result "1/2-1/2"]
[WhiteElo "2430"]
[BlackElo "2187"]
[Annotator "TA"]
[PlyCount "99"]
[EventDate "2019.10.17"]
[EventType "swiss"]
[EventCountry "GER"]
[SourceTitle "playchess.com"]
[Source "ChessBase"]
[SourceQuality "1"]

{[%evp 12,99,39,27,41,33,39,22,34,20,30,33,40,30,58,46,117,27,57,31,66,42,55,55,62,26,60,47,62,32,81,79,116,113,94,58,93,52,89,79,131,92,140,102,107,98,107,96,103,0,119,0,107,63,92,81,140,140,155,86,91,-33,-31,-24,-25,-73,0,-33,-45,-32,0,0,0,0,8,10,31,20,20,20,20,0,0,0,0,0,0,0,0,0]} 1. e4 e6 2. d4 d5 3. Nd2 a6 4. Bd3 c5 5. dxc5 Bxc5 6. Ngf3 Nf6 7. Qe2 Nc6 {C07: French Tarrasch: 3...c5, 4 Ngf3 and 4 exd5 Qxd5} 8. c3 O-O (8... Qc7 9. O-O Bd7 10. exd5 Nxd5 11. Ne4 Be7 12. Re1 Nf4 13. Bxf4 Qxf4 14. Rad1 Rd8 15. g3 {0-1 (54) Gashimov,V (2758)-Ponomariov,R (2739) Khanty-Mansiysk 2009}) 9. O-O h6 10. e5 Nd7 11. Nb3 Ba7 12. Nbd4 Re8 $146 ({Predecessor:} 12... Qc7 13. Bf4 Re8 14. Bg3 Nf8 15. Rad1 Bd7 16. Rfe1 {0-1 (47) Karhanek,P (2175)-Matejka,P (2170) Moravia 2003}) 13. Bf4 Nf8 (13... Qe7 $14) 14. Bg3 (14. Nxc6 $16 bxc6 15. b4) 14... Bc5 15. h4 Be7 16. Rad1 Bd7 17. h5 Rc8 18. Nxc6 Bxc6 19. Nd4 Ba4 20. Rde1 Bd7 21. f4 f5 22. exf6 Bxf6 23. Nf3 Re7 24. Ne5 Be8 25. Ng4 Rf7 (25... d4 $142) 26. Kh2 Bh4 27. Qf2 Bxg3+ 28. Qxg3 Kh8 29. Ne5 Rf6 30. Ng4 {Threatens to win with f5.} Rf7 31. Ne5 {And now f5 would win.} Rf6 $1 32. Qh3 (32. Qe3 {looks sharper.} Nd7 33. g4 Qc7 34. Kg3 Kg8 35. Rf2) 32... Qd6 33. Kh1 Bb5 ({Black should try} 33... d4) 34. Bxb5 $16 axb5 {[#]} 35. a3 ({White should play} 35. g4 $1) 35... Nd7 {...Nxe5 would now be nice for Black.} 36. Qd3 ({Better is} 36. Ng6+ $16 Kh7 37. Qd3) 36... Nxe5 $15 37. fxe5 Rxf1+ 38. Qxf1 {[%mdl 4096] Endgame KQR-KQR} Qf8 (38... Qd8 $17) 39. Qxb5 Rc4 40. Kg1 Rf4 41. Rf1 ({Don't go for} 41. Qxb7 $2 Qc5+ 42. Kh2 {[#]} Qf2 $1 $19 {[%mdl 512]}) 41... Rxf1+ 42. Qxf1 $11 {KQ-KQ} Qd8 43. Qb5 Qe7 44. a4 Qf7 {The position is equal.} 45. Qb6 Qf5 46. Qd6 Qb1+ 47. Kh2 Qf5 48. Kg3 Qd3+ 49. Kh2 Qf5 50. Kg1 {Accuracy: White = 38%, Black = 40%.} 1/2-1/2

[Event "23rd OIBM 2019"]
[Site "Gmund am Tegernsee"]
[Date "2019.10.31"]
[Round "6.23"]
[White "Nehyba, Martin"]
[Black "Braeuer, Franz"]
[Result "0-1"]
[WhiteElo "2129"]
[BlackElo "2429"]
[Annotator "TA"]
[PlyCount "96"]
[EventDate "2019.10.17"]
[EventType "swiss"]
[EventCountry "GER"]
[SourceTitle "playchess.com"]
[Source "ChessBase"]
[SourceQuality "1"]

{[%evp 12,96,15,0,9,14,16,0,0,-29,-20,-40,-35,-35,-32,-79,-30,-67,-70,-81,0,-13,72,54,64,35,75,-72,-55,-56,-65,-55,-59,-61,-62,-43,0,0,-17,-146,-57,-41,-34,-122,-130,-166,-106,-122,-125,-128,-127,-137,-139,-164,-164,-170,-180,-183,-113,-240,-227,-351,-344,-320,-321,-420,-416,-393,-412,-386,-381,-371,-368,-464,-336,-327,-322,-339,-332,-372,-363,-6420,-6014,-5173,-5110,-1070,-999]} 1. e4 e5 2. Nf3 Nc6 3. Bc4 Bc5 4. c3 Nf6 5. d3 d6 6. Bb3 O-O 7. Nbd2 a5 {C54: Giuoco Piano: 4 c3 Nf6, main lines with 5 d4 and 5 d3} 8. a4 Be6 9. h3 $146 ({Predecessor:} 9. O-O h6 10. Nc4 Ne7 11. Nxa5 Rxa5 12. Bxe6 fxe6 13. b4 Bxb4 14. cxb4 Ra8 15. d4 Nxe4 {½-½ (50) Zlatin,A (2249)-Eljanov,P (2703) Porto Carras 2018}) 9... Re8 {The position is equal.} 10. Bc2 h6 11. Nf1 d5 12. Qe2 Nd7 13. g4 Nf8 14. Ng3 Ng6 15. Nf5 Bf8 (15... Ra6 $17) 16. Rg1 $11 Nf4 (16... Ra6 $11) 17. Bxf4 $1 $16 exf4 18. O-O-O g6 19. N5d4 (19. e5 $1 $16 {and life is bright.}) 19... Nxd4 $17 20. Nxd4 Bd7 21. Qf3 c5 $36 {[%mdl 2048] Black has some pressure.} 22. Ne2 {[#]} d4 $1 {[%mdl 512]} 23. Qxf4 (23. cxd4 cxd4) 23... b5 (23... g5 $5 {[%cal Rg5f4]} 24. Qf3 Ra6 $11) 24. Bb3 $1 Qe7 25. g5 (25. axb5 $11 Bxb5 26. g5 (26. cxd4 cxd4 27. Kb1 Bg7 $11)) 25... hxg5 (25... bxa4 $17 26. Bd5 Rab8) 26. Rxg5 $15 c4 27. dxc4 ({White should try} 27. Ba2 $1 $15) 27... bxa4 $17 28. Ba2 Qxe4 (28... Kh7 $1 $19 29. Qh4+ (29. Nxd4 Bh6 $17 {[%mdl 64] Skewer}) 29... Bh6) 29. Qxe4 Rxe4 30. Ng3 Rh4 {And now ...Bh6 would win.} 31. Rd5 Be6 ({But not} 31... Bxh3 32. R1xd4 Rxd4 33. cxd4 $15) 32. R5xd4 Rxh3 33. Rd8 Rxd8 34. Rxd8 Kg7 (34... Rh2 $19 35. Ne4 Kg7) 35. Ra8 (35. Kd2 $17) 35... Rh2 $19 36. Rxa5 (36. Ne4 $142 Rh1+ 37. Kc2) 36... Rxf2 37. Rxa4 {[#]} Bd6 $1 {[%cal Rd6g3]} 38. Ne4 Bf4+ 39. Kb1 Re2 40. c5 {Bxe6 is the strong threat.} Re1+ 41. Kc2 Bxa2 42. Nd2 Bh6 (42... Bxd2 $2 43. Kxd2 Rd1+ 44. Ke2 $19) 43. Rxa2 {[%mdl 4096] Endgame aiming for Nb3. KRB-KRN} Re2 44. c6 {Hoping for c7.} Rxd2+ 45. Kb1 {Black must now prevent c7.} Rd8 46. b4 $2 (46. Kc2) 46... Rd1+ {Black is clearly winning.} 47. Kc2 {[#]} Rd2+ $1 48. Kb3 Rxa2 {Accuracy: White = 33%, Black = 56%.} 0-1

[Event "23rd OIBM 2019"]
[Site "Gmund am Tegernsee"]
[Date "2019.10.31"]
[Round "6.24"]
[White "Zajogin, Alexander"]
[Black "Lindam, Ingo"]
[Result "1-0"]
[WhiteElo "2426"]
[BlackElo "2096"]
[Annotator "TA"]
[PlyCount "41"]
[EventDate "2019.10.17"]
[EventType "swiss"]
[EventCountry "GER"]
[SourceTitle "playchess.com"]
[Source "ChessBase"]
[SourceQuality "1"]

{[%evp 9,41,0,39,32,41,-11,0,0,2,4,10,-4,31,19,29,18,98,86,101,98,115,98,113,111,111,109,125,104,161,150,410,424,29995,29996]} 1. d4 Nf6 2. Nf3 g6 3. Nc3 d5 4. Bf4 c6 5. Qd2 h6 (5... Nbd7 6. Bh6 Bxh6 7. Qxh6 Qa5 8. a3 Nf8 9. Ne5 Be6 10. b4 Qc7 11. e3 N8d7 12. Nxd7 Bxd7 13. Bd3 {0-1 (69) Romanov,E (2573)-Bachmann,A (2593) Berlin 2015}) 6. h3 {D00: 1 d4 d5: Unusual lines} Bg7 7. g4 (7. Ne5 $14) 7... Nbd7 8. Bg2 {The position is equal.} Ne4 $146 ({Predecessor:} 8... Qb6 9. O-O-O Nf8 10. Ne5 Be6 11. Kb1 N6d7 12. Bg3 Nxe5 13. dxe5 {½-½ (48) Nilsson,N (2255)-Meyer,L (2305) Denmark 1995}) 9. Nxe4 dxe4 10. Ne5 Nxe5 (10... h5 {is interesting.} 11. O-O-O Nxe5 12. dxe5 Qxd2+ 13. Rxd2 hxg4 14. hxg4 Rxh1+ 15. Bxh1 e3) 11. dxe5 Qxd2+ 12. Kxd2 f5 (12... h5 $11 {keeps the balance.}) 13. exf6 $1 $16 exf6 14. Bxe4 f5 15. gxf5 gxf5 16. Bf3 Bxb2 17. Rab1 Bd4 18. Rhg1 Ke7 (18... h5 $16 {is a better defense.}) 19. e3 $18 Bb6 $2 {[#]} (19... Bf6 $16 {keeps fighting.} 20. Bc7 Kf7) 20. Rg7+ Kf6 (20... Kd8 $18 21. Rd1 Be6 22. Rxb7 Bd5) 21. Rbg1 {Accuracy: White = 73%, Black = 24%.} 1-0

[Event "23rd OIBM 2019"]
[Site "Gmund am Tegernsee"]
[Date "2019.10.31"]
[Round "6.25"]
[White "Voss, Gunther"]
[Black "Badelka, Olga"]
[Result "0-1"]
[WhiteElo "2089"]
[BlackElo "2413"]
[Annotator "NA RC"]
[PlyCount "41"]
[EventDate "2019.10.17"]
[EventType "swiss"]
[EventCountry "GER"]
[SourceTitle "playchess.com"]
[Source "ChessBase"]
[SourceQuality "1"]
[TimeControl "40/5400+30:1800+30"]

1. e4 {[%emt 0:00:00]} c5 {[%emt 0:00:00]} 2. Nc3 {[%emt 0:00:00]} Nc6 {[%emt 0:00:01]} 3. a3 {[%emt 0:00:05]} e6 {[%emt 0:04:27]} 4. Nf3 {[%emt 0:00:14]} Nf6 {[%emt 0:02:52]} 5. d4 {[%emt 0:00:19]} cxd4 {[%emt 0:00:16]} 6. Nxd4 {[%emt 0:00:07]} d6 {[%emt 0:04:10]} 7. Be2 {[%emt 0:03:28]} Be7 {[%emt 0:00:16]} 8. Be3 {[%emt 0:00:57]} O-O {[%emt 0:00:56]} 9. g4 {[%emt 0:00:17]} d5 {[%emt 0:04:21]} 10. exd5 {[%emt 0:01:09]} Nxd5 {[%emt 0:00:39]} 11. Nxd5 {[%emt 0:00:49]} exd5 {[%emt 0:00:05]} 12. Qd2 {[%emt 0:06:21]} Ne5 {[%emt 0:06:28]} 13. g5 {[%emt 0:03:11]} Bd7 {[%emt 0:16:08]} 14. Nf3 {[%emt 0:15:51]} Nc4 {[%emt 0:04:44]} 15. Bxc4 {[%emt 0:02:46]} dxc4 {[%emt 0:00:02]} 16. Rd1 {[%emt 0:00:30]} Bc6 {[%emt 0:02:55]} 17. Qxd8 {[%emt 0:00:51]} Bxd8 {[%emt 0:05:17]} 18. Ke2 {[%emt 0:00:28]} f5 {[%emt 0:00:12]} 19. Rhe1 {[%emt 0:08:19]} Re8 {[%emt 0:00:07]} 20. Rd4 {[%emt 0:00:40]} Bc7 {[%emt 0:00:24]} 21. Ng1 0-1

[Event "23rd OIBM 2019"]
[Site "Gmund am Tegernsee"]
[Date "2019.10.31"]
[Round "6.26"]
[White "Degenhard, Simon"]
[Black "Miller, Eduard"]
[Result "1/2-1/2"]
[WhiteElo "2084"]
[BlackElo "2402"]
[Annotator "TA"]
[PlyCount "120"]
[EventDate "2019.10.17"]
[EventType "swiss"]
[EventCountry "GER"]
[SourceTitle "playchess.com"]
[Source "ChessBase"]
[SourceQuality "1"]

{[%evp 15,120,14,43,51,44,29,21,18,18,4,4,10,39,35,43,44,41,33,81,45,40,15,102,82,222,222,220,215,220,223,221,211,223,211,221,217,210,210,254,166,163,164,164,164,150,91,97,68,75,77,92,87,80,44,40,39,129,0,35,0,66,33,39,39,39,36,35,37,39,34,32,28,31,8,14,8,8,8,8,8,8,8,8,7,7,7,7,0,0,0,0,0,0,0,8,0,0,0,8,0,0,0,0,0,0,0,0]} 1. e4 c5 2. Nf3 Nc6 3. d4 cxd4 4. Nxd4 g6 5. Nc3 Bg7 6. Be3 Nf6 7. Bc4 O-O 8. Bb3 d5 9. exd5 {B35: Sicilian: Accelerated Dragon with 5 Nc3: main line} Na5 10. O-O Nxb3 11. Nxb3 b6 12. Qd2 (12. d6 e6 13. Qf3 Rb8 14. Rfd1 Bb7 15. Qh3 Rc8 16. Bd4 Nd5 17. Nxd5 Bxd5 18. Bxg7 Kxg7 {1-0 (34) Vachier Lagrave,M (2796)-Gelfand,B (2719) Palma de Mallorca 2017}) 12... Bb7 {[%cal Rf6d5]} 13. Rad1 Qc8 14. Bh6 $36 {[%mdl 2048] White is pushing.} Bxh6 15. Qxh6 Rd8 {[%cal Rf6d5]} 16. Qg5 Rd6 17. Rfe1 $146 Qd7 {[%cal Rb7d5]} 18. h3 Rc8 (18... Bxd5 $11 {remains equal.} 19. Nd4 (19. Nxd5 Nxd5 20. c4 Nf6 $11) 19... Bc4) 19. Re5 Nxd5 (19... Qd8 $16) 20. Nxd5 $18 (20. Rexd5 Bxd5 21. Rxd5 (21. Nxd5 f6 $15) 21... Rxd5 $11) 20... f6 21. Rxe7 Rxd5 22. Rxd7 Rxd1+ 23. Rxd1 fxg5 {[%mdl 4096] Endgame KRB-KRN} 24. Rd7 Be4 {[#]} 25. c3 $1 ({Worse is} 25. Rxa7 Rxc2 26. f3 Bd5 $11) 25... a5 26. Nd4 b5 27. Re7 Bd3 28. Re3 Bb1 29. a3 b4 30. axb4 (30. cxb4 $142 axb4 31. a4 (31. axb4 Rc4 $16)) 30... axb4 $16 31. Kf1 bxc3 32. bxc3 Kf7 33. Nf3 Kf6 34. Ne5 Bf5 35. Ng4+ Kg7 (35... Bxg4 $14 36. hxg4 Rc4) 36. Ne5 (36. Re7+ $16 Kg8 37. Nf6+ Kf8 38. Rxh7) 36... Kf6 $14 37. Nf3 Ra8 (37... Bb1 $11) 38. Re1 (38. g4 $5 {[%cal Rg4f5]} Bc8 39. Nd2 $14) 38... g4 39. hxg4 Bxg4 40. Nd4 Bc8 41. Rc1 Ba6+ 42. Ke1 Bc4 43. Kd2 h5 44. Nc2 Ra2 {The position is equal.} 45. Ra1 Rxa1 46. Nxa1 $11 {KB-KN} h4 47. Nc2 g5 48. Ne3 Bb5 49. c4 Bc6 50. f3 Ke5 51. Ke2 Kd4 52. Kf2 Bd7 53. Nd5 Be6 54. Nf6 Kxc4 55. Ne4 g4 56. fxg4 Bxg4 57. Nd2+ Kd4 58. Nf3+ Bxf3 59. Kxf3 {[#] White threatens Kg4 and mate.} h3 $1 {[%cal Rh3h2] ( -> ...h2)} 60. gxh3 Ke5 {Accuracy: White = 52%, Black = 53%.} 1/2-1/2

[Event "23rd OIBM 2019"]
[Site "Gmund am Tegernsee"]
[Date "2019.10.31"]
[Round "6.27"]
[White "Atakisi, Umut"]
[Black "Basener, Winfried"]
[Result "1-0"]
[WhiteElo "2393"]
[BlackElo "2084"]
[Annotator "RC"]
[PlyCount "113"]
[EventDate "2019.10.17"]
[EventType "swiss"]
[EventCountry "GER"]
[SourceTitle "playchess.com"]
[Source "ChessBase"]
[SourceQuality "1"]
[TimeControl "40/5400+30:1800+30"]

1. e4 {[%emt 0:00:00]} e6 {[%emt 0:00:00]} 2. d4 {[%emt 0:00:00]} d5 {[%emt 0:00:04]} 3. Nd2 {[%emt 0:00:00]} Nf6 {[%emt 0:00:28]} 4. e5 {[%emt 0:00:00]} Nfd7 {[%emt 0:00:05]} 5. Bd3 {[%emt 0:00:00]} c5 {[%emt 0:00:47]} 6. c3 {[%emt 0:00:00]} Nc6 {[%emt 0:00:23]} 7. Ne2 {[%emt 0:00:02]} cxd4 {[%emt 0:01:28]} 8. cxd4 {[%emt 0:00:06]} f6 {[%emt 0:00:39]} 9. exf6 {[%emt 0:00:10]} Nxf6 {[%emt 0:00:08]} 10. O-O {[%emt 0:00:07]} Bd6 {[%emt 0:00:29]} 11. Nf3 {[%emt 0:00:07]} Qc7 {[%emt 0:00:29]} 12. Bg5 {[%emt 0:00:33]} O-O {[%emt 0:00:11]} 13. Bh4 {[%emt 0:00:14]} g6 {[%emt 0:01:40]} 14. Bg3 {[%emt 0:01:39]} Nh5 {[%emt 0:13:19]} 15. Bxd6 {[%emt 0:11:06]} Qxd6 {[%emt 0:00:08]} 16. Bb5 {[%emt 0:02:48]} Rxf3 {[%emt 0:05:15]} 17. gxf3 {[%emt 0:04:14]} Bd7 {[%emt 0:02:43]} 18. Bxc6 {[%emt 0:08:09]} bxc6 {[%emt 0:08:06]} 19. Rc1 {[%emt 0:19:17]} Rf8 {[%emt 0:01:04]} 20. Rc3 {[%emt 0:04:05]} Nf4 {[%emt 0:27:40]} 21. Nxf4 {[%emt 0:07:42]} Rxf4 {[%emt 0:04:47]} 22. Re1 {[%emt 0:05:47]} a5 {[%emt 0:17:07]} 23. Qd2 {[%emt 0:08:40]} Rh4 {[%emt 0:10:09]} 24. Re5 {[%emt 0:01:30]} Kf7 {[%emt 0:01:12]} 25. f4 {[%emt 0:02:31]} a4 {[%emt 0:01:21]} 26. Rf3 {[%emt 0:04:28]} c5 {[%emt 0:00:19]} 27. h3 {[%emt 0:02:21]} Kg7 {[%emt 0:01:13]} 28. dxc5 {[%emt 0:03:22]} Qxc5 {[%emt 0:00:05]} 29. Qc3 {[%emt 0:00:43]} Qxc3 {[%emt 0:00:22]} 30. bxc3 {[%emt 0:00:17]} Kf6 {[%emt 0:00:40]} 31. Kh2 {[%emt 0:01:16]} Rh6 {[%emt 0:01:41]} 32. Rfe3 {[%emt 0:02:02]} Rh5 {[%emt 0:00:28]} 33. Rxh5 {[%emt 0:00:31]} gxh5 {[%emt 0:00:01]} 34. Kg3 {[%emt 0:00:16]} Bb5 {[%emt 0:00:11]} 35. a3 {[%emt 0:01:30]} Be8 {[%emt 0:00:28]} 36. Re5 {[%emt 0:00:23]} Bg6 {[%emt 0:00:14]} 37. Re2 {[%emt 0:01:19]} Ke7 {[%emt 0:00:47]} 38. Rb2 {[%emt 0:00:17]} Kd6 {[%emt 0:00:11]} 39. Kh4 {[%emt 0:01:44]} Kc5 {[%emt 0:00:14]} 40. Rb4 {[%emt 0:00:07]} Bc2 {[%emt 0:00:30]} 41. Kxh5 {[%emt 0:30:26]} Kc6 {[%emt 0:18:57]} 42. Kh6 {[%emt 0:00:00]} Kc7 {[%emt 0:00:42]} 43. h4 {[%emt 0:00:00]} Kc6 {[%emt 0:08:38]} 44. h5 {[%emt 0:00:00]} Kc7 {[%emt 0:03:12]} 45. Kg7 {[%emt 0:00:00]} Kc6 {[%emt 0:00:27]} 46. h6 {[%emt 0:00:00]} Kc7 {[%emt 0:00:22]} 47. f5 {[%emt 0:00:00]} Bxf5 {[%emt 0:00:06]} 48. Rxa4 {[%emt 0:00:00]} e5 {[%emt 0:03:53]} 49. Kf6 {[%emt 0:00:00]} Bc2 {[%emt 0:00:10]} 50. Rb4 {[%emt 0:00:00]} e4 {[%emt 0:00:49]} 51. a4 {[%emt 0:00:00]} Bd3 {[%emt 0:00:32]} 52. a5 {[%emt 0:00:00]} Kc6 {[%emt 0:00:19]} 53. Ke5 {[%emt 0:00:00]} Kc5 {[%emt 0:00:09]} 54. Rd4 {[%emt 0:00:00]} Bc4 {[%emt 0:00:52]} 55. a6 {[%emt 0:00:00]} Bxa6 {[%emt 0:00:45]} 56. Rxd5+ {[%emt 0:00:00]} Kc4 57. Kxe4 {Kxd5+} 1-0